| 000 | 00796nam a2200205Ii 4500 | ||
|---|---|---|---|
| 003 | JO-AjNU | ||
| 008 | 230605s9999||||xx |||||||||||||| ||und|| | ||
| 017 | _a2005/4/876 | ||
| 040 |
_aJO-AjNU _bara _erda _cJO-AjNU |
||
| 041 | _aara | ||
| 050 | 1 | 4 | _aPJ7585.A9948 2005 |
| 100 | 3 |
_aالعزام، سهيل محمد, _eauthor _950377 |
|
| 245 | 0 | 0 | _aدراسات في ثقافة الطفل العربي |
| 264 | 3 | 1 | _aعمان:المؤلف،2005 |
| 300 | _a90ص | ||
| 336 |
_atext _btxt _2rdacontent |
||
| 337 |
_aunmediated _bn _2rdamedia |
||
| 338 |
_avolume _bnc _2rdacarrier |
||
| 650 | 4 |
_aالخدمات الإجتماعية - الثقافة - رعاية الطفولة - الأطفال - الأسرة - علاقة الوالدين والأطفال - سيكولوجية الطفولة _950378 |
|
| 999 |
_aA22188 _c25756 _d25756 |
||